「技術大国・日本」の未来を読む : 繁栄を続けるための5つの直言 = Forecasting Japan's technological might : five suggestions for everlasting prosperity
محفوظ في:
| المؤلف الرئيسي: | |
|---|---|
| التنسيق: | كتاب |
| اللغة: | Undetermined |
| منشور في: |
東京
PHP研究所
1989
|
| الموضوعات: | |
| الوسوم: |
إضافة وسم
لا توجد وسوم, كن أول من يضع وسما على هذه التسجيلة!
|
| Thư viện lưu trữ: | Trung tâm Học liệu Trường Đại học Cần Thơ |
|---|
| LEADER | 00663nam a2200193Ia 4500 | ||
|---|---|---|---|
| 001 | CTU_94132 | ||
| 008 | 210402s9999 xx 000 0 und d | ||
| 082 | |a 600 | ||
| 082 | |b N725 | ||
| 100 | |a 西沢潤一(にしざわ じゅんいち) | ||
| 245 | 0 | |a 「技術大国・日本」の未来を読む : 繁栄を続けるための5つの直言 = | |
| 245 | 0 | |b Forecasting Japan's technological might : five suggestions for everlasting prosperity | |
| 245 | 0 | |c 西沢潤一 | |
| 260 | |a 東京 | ||
| 260 | |b PHP研究所 | ||
| 260 | |c 1989 | ||
| 650 | |a Science Technology | ||
| 904 | |i Ngoc | ||
| 980 | |a Trung tâm Học liệu Trường Đại học Cần Thơ | ||